000 00733nam0a2200253 4500
001 RU\NLR\b_ik\177173
005 20250616230613.0
010 _a978-5-9901-4072-1
_91500
035 _a(NLR Aleph) 002249781
090 _a3672474
_c3672474
100 _a20090407d2009 |||y0rusy50 ca
101 0 _aita
102 _aRU
105 _aa |||||||||
200 1 _aGrande Leonardo, viaggio culturale e polizia...
_fMarina Nikolaeva
210 _aMosca
_cDPI
_d2009
215 _a55, [1] с.
_cил.
_d20
686 2 _aШ6(2=Р)87итал.
700 1 _aNikolaeva
_bM.
_gMarina
_4070
801 0 _aRU
_bNLR
_c20090407
_gRCR
942 _cBOOK
980 _aNB